Biblioteca

A Zambian perspective (Registro nro. 55563)

Detalles MARC
000 -LÍDER
Campo fijo de descripción fija 01763aab a2200241 i 4500
001 - NÚMERO DE CONTROL
Campo de control 768714001
003 - IDENTIFICADOR DEL NÚMERO DE CONTROL
Campo de control CO-MdFUSB
005 - FECHA Y HORA DE LA ULTIMA TRANSACCIÓN
control field 20240709092901.0
008 - ELEMENTOS DE LONGITUD FIJA -- INFORMACIÓN GENERAL
Campo fijo de descripción fija -- Información general 240709t1999 sz ||||| |||| 00| 0 eng d
040 ## - FUENTE DE CATALOGACIÓN
Idioma de catalogación spa
Agencia que realiza la transcripción CO-MdFUSB
041 ## - CÓDIGO DE IDIOMA
Código de idioma para texto/pista de sonido o título separado eng
100 1# - ASIENTO PRINCIPAL--NOMBRE PERSONAL
Nombre personal Ndhlovu, Petronella P.S.
Término relacionador autor
245 ## - TÍTULO
Título A Zambian perspective
Mención de responsabilidad / Petronella P.S. Ndhlovu
520 ## - NOTA DE RESUMEN, ETC.
Nota de sumario, etc. La iglesia tiene alrededor de 118 clérigos varones ordenados y alrededor de 16 evangelistas varones. Hay 15 presbiterios regionales, todos encabezados por moderadores ordenados varones, y un liderazgo del Sínodo Nacional compuesto por cinco hombres ordenados. Es interesante observar cómo el clericalismo ha dominado el funcionamiento de la iglesia a pesar de su creencia en la forma presbiteriana de gobierno. Hubo un tiempo, no hace mucho, en que el ministro era automáticamente el presidente de todas las comisiones y comités.<br/>Lo anterior, explica la atmósfera cuando se discute el tema de la ordenación de mujeres en la iglesia. La voz de la mujer nunca ha sido escuchada sobre cómo perciben las mujeres el tema de la ordenación. La ordenación al ministerio de la palabra y los sacramentos sigue siendo un área dominada por los hombres, un área donde la mayoría de los hombres miran a las mujeres con ojos exclusivistas, como si las mujeres fueran hijas menores del pacto de gracia.<br/>
546 ## - NOTA DE IDIOMA
Nota de idioma Textos en inglés.
630 #0 - PUNTO DE ACCESO ADICIONAL DE MATERIA - TÍTULO UNIFORME
Título uniforme Mujeres y religión.
650 #0 - ASIENTO SECUNDARIO DE MATERIA - TERMINO TEMÁTICO
Término temático o nombre geográfico como elemento de entrada Mujeres
Subdivisión general Aspectos religiosos
-- Cristianismo
9 (RLIN) 326
650 #0 - ASIENTO SECUNDARIO DE MATERIA - TERMINO TEMÁTICO
Término temático o nombre geográfico como elemento de entrada Libertad
9 (RLIN) 1103
650 #7 - ASIENTO SECUNDARIO DE MATERIA - TERMINO TEMÁTICO
Término temático o nombre geográfico como elemento de entrada Mujeres
Subdivisión general Derechos
9 (RLIN) 325
773 0# - ASIENTO DE ITEM FUENTE
Título Reformed World
Biblionumber 49396
Itemnumber 59525
Parte(s) relacionada(s) / Volumen., número. (mes año), páginas Volumen 49, (número 1 & 2, 1999) páginas: 49 - 55
Enumeración y primera página página: 49
942 ## - TIPO DE MATERIAL (KOHA)
Tipo de Item KOHA Artículos de Revista
945 ## - INFORMACIÓN LOCAL DEL REGISTRO
Catalogador Catherine Arias Álvarez - Practicante SENA

No hay ítems disponibles.

Biblioteca FUSBC | Teléfono: (57+4) 349 88 10 Ext. 141| WhatsApp (+57) 3005338115 
E-mail: biblioteca@unisbc.edu.co | Calle 76 87-14 Robledo Palenque, Medellín, Colombia

Con tecnología Koha